000 00465nam a22001577a 4500
003 OSt
005 20151206145324.0
008 151206b xxu||||| |||| 00| 0 eng d
040 _cRUA
082 _aATM វុន 1994 B190 Or.1
100 _94412
_aវុន វ៉ារី
245 _aសិក្សាឧបករណ៍បាច់ជីនៅក្នុងស្រែ
260 _aPhnom Penh
_bRUA
_c1994
300 _a67p.
_bill.
_c29cm.
942 _2ddc
_cATM
999 _c4112
_d4112